000 00541nam a2200193 a 4500
001 25141
005 20180713223440.0
008 140415s1977 sp 000 0 spa d
041 _aspa
082 _a711
_bCIE
100 1 _aFOLIN, MARINO
245 1 3 _aLA CIUDAD DEL CAPITAL Y OTROS ESCRITOS
250 _a1a ed.
260 _aESPAÑA :
_bGUSTAVO GILI,
_c1977
300 _a244
490 _aCIENCIA URBANISTICA
_v18
650 1 4 _aARQUITECTURA ITALIANAS
_xARQUITECTURA VENECIANA
700 1 _aDIAZ DE ATAURI, JUAN
_etr.
999 _c25141
_d25141